Personnages des Tortues Ninjas par image - Statistiques

Statistiques générales
  • Ce quiz a été pris 95 fois
  • Le résultat moyen est 12 sur 24
Statistiques - réponses
Par images Réponse % Correct
Leonardo
99%
Donatello
97%
Raphael
95%
Michelangelo
94%
Maître Splinter
91%
April O'Neil
85%
Shredder
76%
Casey Jones
70%
Krang
70%
Bebop
58%
Rocksteady
57%
Karai
53%
Baxter Stockman
42%
Roi des Rats / Rat King
42%
Leatherhead / Tête de Cuir
38%
Fishface
35%
Dogpound
32%
Mondo Gecko
30%
Slash
22%
Alopex
16%
Hun
16%
Superfly
14%
Rahzar
10%
Old Hob
6%
Aucun quiz correspondant
Distribution des résultats
% des personnes avec chaque résultat
Percentile par nombre de réponses
Votre historique - résultats
Vous n’avez pas pris ce quiz